Creating a market (Record no. 497885)

000 -LEADER
fixed length control field 00360cam a22001097a 4500
008 - FIXED-LENGTH DATA ELEMENTS--GENERAL INFORMATION
fixed length control field 180718b1968 xxu||||| |||| 00| 0 eng d
082 ## - DEWEY DECIMAL CLASSIFICATION NUMBER
Classification number T34 In8
245 ## - TITLE STATEMENT
Title Creating a market
Statement of responsibility, etc. by International Labour Organisation, Switzerland
260 ## - PUBLICATION, DISTRIBUTION, ETC.
Place of publication, distribution, etc. Geneva
Name of publisher, distributor, etc. Internaitonal Labour Office
Date of publication, distribution, etc. 1968
300 ## - PHYSICAL DESCRIPTION
Extent 178p
700 ## - ADDED ENTRY--PERSONAL NAME
Personal name Switzerland. International Labour Organisation
Holdings
Withdrawn status Lost status Damaged status Not for loan Permanent Location Current Location Date acquired Full call number Barcode Date last seen Price effective from Koha item type
        Indian Institute of Public Administration Indian Institute of Public Administration 2018-08-04 T34 In8 G18109 2018-08-04 2018-08-04 G

Powered by Koha